Espresso (Lyrics)- Sabrina Carpenter - Statistics

General Stats
  • This quiz has been taken 507 times
  • The average score is 306 of 384
Answer Stats
Answer % Correct
I
99%
me
98%
a
97%
me
97%
espresso
95%
so
95%
that
95%
That
95%
he
94%
so
94%
That
94%
that
94%
oh
92%
Oh
92%
oh)
92%
Is
91%
it
91%
you
91%
it
90%
My
90%
my
90%
you
90%
guess
89%
sweet?
89%
sweet?
88%
'bout
87%
can't
87%
know
87%
thinkin'
87%
Thinkin'
87%
do
86%
night
85%
Now
85%
every
84%
night
84%
to
84%
And
83%
and
83%
baby
83%
I'm
83%
on
83%
he's
82%
That's
82%
that's
82%
sleep
81%
this
81%
for
80%
'give
79%
vacation
78%
'cause
77%
relate
77%
singer
77%
ex
76%
late
76%
like
76%
Say
76%
up
76%
are
75%
desperation
75%
like
75%
working
75%
ya
75%
boy
74%
got
74%
Nintendo
74%
cute
73%
finger
73%
your
73%
down
72%
fucks'
72%
looks
72%
calling
71%
down
71%
right
71%
Too
71%
don't
70%
left
70%
one
70%
One
70%
right
70%
stop
70%
wrapped
70%
bad
69%
right
69%
Switch
69%
won't
69%
round
66%
get
65%
When
64%
come
63%
honeybee
63%
pollen
63%
twisted
63%
humor
62%
Move
61%
(move
61%
him
60%
in
60%
way
60%
often
59%
act
56%
coffee
55%
'em
55%
laugh
55%
make
55%
they
55%
came
53%
dream
53%
skin
53%
dream
52%
Soft
52%
brewed
51%
Soft
51%
brewed
50%
Walked
49%
perfumed
48%
brand
47%
brand
46%
morning
46%
Mountain
46%
Dew
45%
trued
43%
newed
42%
newed
41%
touch
41%
shit
31%
Holy
29%
(Yes)
23%
(Yes)
21%
Mm
17%
No matching quizzes found
Score Distribution
Percent of People with Each Score
Percentile by Number Answered
Your Score History
You have not taken this quiz